LEADER 01240nam0 22002771i 450 001 RML0256792 005 20231121125715.0 010 $a8814014337 100 $a20121121d1988 ||||0itac50 ba 101 | $aita 102 $ait 181 1$6z01$ai $bxxxe 182 1$6z01$an 200 1 $aSviluppi e nuove prospettive della disciplina del leasing e del factoring in Italia$eatti del convegno organizzato dal Centro Bustese di Studi Giuridici "Giancarlo Ballarati" svoltosi a Busto Arsizio il giorno 4 ottobre 1986$fa cura di Alessandro Munari 210 $aMilano $cGiuffrè $d1988 215 $a179 p.$d24 cm 606 $aDiritto commerciale$2FIR$3RMLC067534$9I 700 1$aMUNARI$b, Alessandro$3RMLV150404$0229564 801 3$aIT$bIT-01$c20121121 850 $aIT-FR0098 899 $aBiblioteca Area Giuridico Economica$bFR0098 912 $aRML0256792 950 0$aBiblioteca Area Giuridico Economica$d 53DSG GIU28/091$e 53VM 0000277335 VM barcode:BAGE017174. - Inventario:7846. - Fondo:Sala consultazioneVM$fA $h20010423$i20121204 977 $a 53 996 $aSviluppi e nuove prospettive della disciplina del leasing e del factoring in Italia$93622559 997 $aUNICAS